000 00323nam a22001337a 4500
003 SGT
020 _a9788179104323
082 _a658.4092,KAU
100 _aKAUSHIK UPENDRA
245 _aLEADERSHIP SKILLS AND TEAM BULIDING
260 _aJAIPUR
_bAAVISHKAR PUBLISHERS DISTRIBUTORS
_c2019
300 _a149
942 _2ddc
_cBK
999 _c33871
_d33871